000 00786cab a2200229 4500
001 WB3109-32
008 090401t1995 xxu||||| |||| 00| 0 eng d
035 _a(Sirsi) u15573
041 _aeng
245 _aMetrication and planning applications
260 _c1995
350 _a0
490 _aPlanning Week
_v3(9) 2 March 1995, 2(1)
520 _aFollowing an inspector`s refusal to consider a planning appeal because it contained an imperial measurement, clarification is being sought from the DoE on the risk of breaching EU measurements directive in planning applications.
650 _aEC DIRECTIVES
650 _aMEASUREMENTS
650 _aMETRICATION
650 _aPLANNING APPLICATIONS
690 _aPLANNING LAW AND PRACTICE
942 _n0
948 _c04/03/1997
999 _c10228
_d10228